AHL Teams - Statistics

General Stats
  • This quiz has been taken 292 times
    253 since last reset
  • The average score is 24 of 32
Answer Stats
NHL Team AHL Team % Correct
Boston Bruins Providence Bruins
95%
Dallas Stars Texas Stars
90%
Minnesota Wild Iowa Wild
87%
Buffalo Sabres Rochester Americans
87%
Ottawa Senators Belleville Senators
85%
Montreal Canadiens Laval Rocket
85%
Anaheim Ducks San Diego Gulls
85%
Toronto Maple Leafs Toronto Marlies
85%
Los Angeles Kings Ontario Reign
83%
Vegas Golden Knights Henderson Silver Knights
82%
San Jose Sharks San Jose Barracuda
81%
Pittsburgh Penguins Wilkes-Barrie/Scranton Penguins
81%
Vancouver Canucks Abbotsford Canucks
80%
Edmonton Oilers Bakersfield Condors
76%
Columbus Blue Jackets Cleveland Monsters
75%
Colorado Avalanche Colorado Eagles
75%
Philadelphia Flyers Lehigh Valley Phantoms
75%
Carolina Hurricanes Chicago Wolves
74%
Washington Capitals Hershey Bears
73%
Chicago Blackhawks Rockford IceHogs
73%
Winnipeg Jets Manitoba Moose
72%
Detroit Red Wings Grand Rapids Griffins
71%
Nashville Predators Milwaukee Admirals
70%
Calgary Flames Calgary Wranglers
69%
Florida Panthers Charlotte Checkers
69%
Seattle Kraken Coachella Valley Firebirds
69%
New York Rangers Hartford Wolf Pack
69%
New Jersey Devils Utica Comets
68%
Tampa Bay Lightning Syracuse Crunch
67%
Utah Hockey Club Tucson Roadrunners
67%
St. Louis Blues Springfield Thunderbirds
55%
New York Islanders Bridgeport Sound Tigers
43%
No matching quizzes found
Score Distribution
Percent of People with Each Score
Percentile by Number Answered
Your Score History
You have not taken this quiz since the last reset